00987nam a22002057a 450000500170000000800410001702000150005805000250007310000390009824501960013726000620033330000270039565000690042265000660049165000490055765000490060670000520065570000380070770000360074520240227133752.0240227b mx ||||| |||| 00| 0 spa d a968493073904aHQ792.M49 bN65 19851 aNolasco Armas, Margarita, eautor.14aLos niños de la fronterab : ¿espejismos de una nueva generación?c / Margarita Nolasco, María Luisa Acevedo, con la colaboración de Lucía Muñoz, Claudia Irazoque, Liliana Kusnir aMéxico : bOcéano : bCentro de Ecodesarrollo, c1985 a183 páginas ;c23 cm 72lembaNiños zChihuahuazCiudad JuárezxCondiciones sociales 72lembaNiñoszBaja CaliforniazTijuanaxCondiciones sociales 72lembaEducación zChihuahuazCiudad Juarez 72lembaEducación zBaja CaliforniazTijuana1 aAcevedo, María Luisa (Acevedo Conde), eautor1 aIrazoque, Claudia, ecolaboradora1 aKusnir, Liliana, ecolaboradora